|
|
|
|
| LEADER |
00000ny a22000003n 4500 |
| 005 |
20110509131630.0 |
| 008 |
080708s19952004sp zr s 000 a0spa c |
| 022 |
|
|
|a 1026-0838
|
| 035 |
|
|
|a 36
|
| 040 |
|
|
|a UMA.RE
|d vlex
|
| 080 |
|
|
|a 62(0.034)
|
| 090 |
|
|
|c 1456
|d 1456
|
| 245 |
0 |
4 |
|a The IPTS Report
|h [Recurso electrn̤ico]
|
| 250 |
|
|
|a [Ed. espaǫla]
|
| 256 |
|
|
|a Servicio en ln̕ea
|
| 260 |
|
|
|a Sevilla :
|b Instituto de Prospectiva Tecnolg̤ica
|
| 321 |
|
|
|a 10 nm︢s. al aǫ
|
| 506 |
1 |
|
|a Contenido solo disponible en los productos indicados
|d vLex Global
|d vLex Global (Academic Edition, excluding Law Schools)
|d vLex Global (U.S. Academic Edition, Law Schools)
|d vLex Global (U.S. Academic Edition, excluding Law Schools)
|d vLex Global (Academic Edition, Law Schools)
|
| 508 |
|
|
|a Editado por el Instituto de Prospectiva Tecnolg̤ica y producido en cooperacin̤ con la red del Observatorio Europeo de Ciencia y Tecnologa̕
|
| 546 |
|
|
|a Publicado en alemǹ, espaǫl, francš e inglš
|
| 650 |
0 |
7 |
|a Societario
|2 Tesauro vLex
|
| 650 |
0 |
7 |
|a Derecho de sociedades
|2 Tesauro vLex
|
| 650 |
0 |
7 |
|a Capital social
|2 Tesauro vLex
|
| 710 |
2 |
|
|a Instituto de Prospectiva Tecnolg̤ica
|
| 740 |
0 |
|
|a vLex Revista (Servicios en ln̕ea)
|
| 853 |
|
|
|8 1
|i (year)
|j (month)
|k (day)
|
| 856 |
4 |
0 |
|u http://vlex.com/source/36
|z Acceso restringido
|
| 942 |
|
|
|c REV
|